000 00653nam a2200217Ii 4500
003 JO-AjNU
008 230606s9999||||xx |||||||||||||| ||und||
020 _a978-1-119-66045-3
040 _aJO-AjNU
_beng
_erda
_cJO-AjNU
041 _aeng
050 1 4 _aQA76.76.A65.B863 2020
100 3 _aBurd, Barry, John Paul Mueller,
_eauthor
_96438
245 0 0 _aAndroid Application Development ALL - IN - One
250 _a3 ed
264 3 1 _aHoboken: John Willey and Sons,Ine, 2020
300 _a782p
336 _atext
_btxt
_2rdacontent
337 _aunmediated
_bn
_2rdamedia
338 _avolume
_bnc
_2rdacarrier
650 4 _aAndroid-Application
_96439
999 _aE3340
_c3336
_d3336